[Event "Michigan Senior Reserve"]
[Site "Flint"]
[Date "2005.06.12"]
[Round "4"]
[White "Santiago, Reynaldo"]
[Black "Vandivier, Don"]
[Result "1-0"]
[WhiteElo "2000"]
[BlackElo "1905"]
[PlyCount "53"]
[EventDate "2005.06.11"]
[EventType "swiss"]
[EventRounds "4"]
[EventCountry "USA"]
[SourceTitle "EXT 2007"]
[Source "ChessBase"]
[SourceDate "2006.11.23"]
[SourceVersion "1"]
[SourceVersionDate "2006.11.23"]
[SourceQuality "1"]

1. e4 c5 2. Nc3 Nc6 3. g3 g6 4. Bg2 Bg7 5. d3 d6 6. Be3 Nf6 7. h3 Rb8 8. Qd2 b5 9. Bh6 0-0 10. Bxg7 Kxg7 11. f4 Nd4 12. g4 b4 13. Nce2 e5 14. f5 h6 15. Ng3 Qb6 16. Nf3 Ba6 17. b3 Qc7 18. 0-0 Bb7 19. g5 hxg5 20. Nxd4 cxd4 21. Qxg5 Qd8 22. fxg6 fxg6 23. Rxf6 Rxf6 24. Nh5+ Kf7 25. Nxf6 Ke6 26. Rf1 Qh8 27. Qg4+ 1-0

[Event "Lansing op"]
[Site "Lansing"]
[Date "2004.09.05"]
[Round "4"]
[White "Vandivier, Don"]
[Black "Thach, Scott"]
[Result "1-0"]
[WhiteElo "1911"]
[BlackElo "1628"]
[PlyCount "79"]
[EventDate "2004.09.03"]
[EventType "swiss"]
[EventRounds "7"]
[EventCountry "USA"]
[SourceTitle "EXT 2007"]
[Source "ChessBase"]
[SourceDate "2006.11.23"]
[SourceVersion "1"]
[SourceVersionDate "2006.11.23"]
[SourceQuality "1"]

1. e4 e6 2. d4 d5 3. e5 c5 4. c3 Qb6 5. a3 Nc6 6. Nf3 c4 7. Nbd2 Na5 8. Rb1 Bd7 9. b3 cxb3 10. Nxb3 Ba4 11. Nfd2 Rc8 12. Qc2 Qc7 13. Bb2 Nc4 14. Bc1 Nb6 15. Bb2 Nc4 16. Bc1 f6 17. exf6 gxf6 18. Be2 Bh6 19. Bh5+ Kf8 20. Qa2 Nxd2 21. Nc5 Qc6 22. Rxb7 Ne7 23. Bxd2 Bg7 24. 0-0 Bb5 25. Nxe6+ Kg8 26. Rxe7 Qxe6 27. Rxe6 Bc4 28. Qb2 h6 29. Qb7 Rf8 30. Re7 Rh7 31. Bg6 Bd3 32. Bxd3 f5 33. Rb1 Kh8 34. Qd7 Kg8 35. Bxf5 Bxd4 36. Bxh7+ Kh8 37. cxd4 h5 38. Qxd5 a6 39. Qe5+ Rf6 40. Qxf6# 1-0

[Event "Warren Bottom-Half U1900 op"]
[Site "Warren"]
[Date "2003.06.21"]
[Round "2"]
[White "Farmand, Farnood"]
[Black "Vandivier, Don"]
[Result "1/2-1/2"]
[WhiteElo "1725"]
[BlackElo "1883"]
[PlyCount "82"]
[EventDate "2003.06.21"]
[EventType "swiss"]
[EventRounds "5"]
[EventCountry "USA"]
[SourceTitle "EXT 2008"]
[Source "ChessBase"]
[SourceDate "2007.11.25"]
[SourceVersion "1"]
[SourceVersionDate "2007.11.25"]
[SourceQuality "1"]

1. d4 Nf6 2. c4 g6 3. Nc3 d5 4. cxd5 Nxd5 5. e4 Nxc3 6. bxc3 Bg7 7. Nf3 0-0 8. Bd3 c5 9. Be3 Bg4 10. Be2 Nc6 11. e5 Qa5 12. 0-0 Qxc3 13. Rc1 Qa3 14. Rxc5 Qxa2 15. h3 Bxf3 16. Bxf3 Rac8 17. Qc1 Qa6 18. d5 Bxe5 19. dxc6 Bd6 20. cxb7 Rb8 21. Rc6 Qb5 22. Bxa7 Rxb7 23. Bd4 Rbb8 24. Qh6 Be5 25. Rc5 Bxd4 26. Rxb5 Rxb5 27. Rd1 e5 28. Be4 Rb2 29. Rd2 Rfb8 30. Rxb2 Rxb2 31. Qh4 Bxf2+ 32. Qxf2 Rxf2 33. Kxf2 f5 34. Bd5+ Kg7 35. Ke3 Kf6 36. g3 f4+ 37. gxf4 exf4+ 38. Kxf4 g5+ 39. Kg4 h5+ 40. Kxh5 Kg7 41. Kxg5 Kh8 1/2-1/2

[Event "Detroit op1"]
[Site "Detroit"]
[Date "2003.05.18"]
[Round "5"]
[White "Ho, Randy"]
[Black "Vandivier, Don"]
[Result "0-1"]
[WhiteElo "1888"]
[BlackElo "1892"]
[PlyCount "64"]
[EventDate "2003.05.17"]
[EventType "swiss"]
[EventRounds "5"]
[EventCountry "USA"]
[SourceTitle "EXT 2007"]
[Source "ChessBase"]
[SourceDate "2006.11.23"]
[SourceVersion "1"]
[SourceVersionDate "2006.11.23"]
[SourceQuality "1"]

1. e4 c5 2. c3 Nf6 3. e5 Nd5 4. Nf3 d6 5. exd6 e6 6. Bc4 Bxd6 7. 0-0 0-0 8. d3 b6 9. Nbd2 Bb7 10. Ne4 Be7 11. Re1 Nd7 12. Qe2 N7f6 13. Bg5 Nxe4 14. Bxe7 Nexc3 15. bxc3 Qxe7 16. Qe5 Qf6 17. Qe4 Rab8 18. Qg4 Nxc3 19. Ne5 Rbd8 20. Re3 Rd4 21. Qg3 Qf4 22. Rae1 Qxg3 23. hxg3 Rfd8 24. Nxf7 Kxf7 25. Rxe6 Bd5 26. Re7+ Kf8 27. Rxa7 Bxc4 28. Ree7 Bxa2 29. Rxg7 Bg8 30. f4 Nb5 31. Rab7 Nd6 32. Ra7 Nf7 0-1

[Event "Detroit op1"]
[Site "Detroit"]
[Date "2003.05.17"]
[Round "2"]
[White "Vandivier, Don"]
[Black "Babka, Jay"]
[Result "0-1"]
[WhiteElo "1892"]
[BlackElo "1721"]
[PlyCount "38"]
[EventDate "2003.05.17"]
[EventType "swiss"]
[EventRounds "5"]
[EventCountry "USA"]
[SourceTitle "EXT 2007"]
[Source "ChessBase"]
[SourceDate "2006.11.23"]
[SourceVersion "1"]
[SourceVersionDate "2006.11.23"]
[SourceQuality "1"]

1. e4 c5 2. Nf3 Nc6 3. d4 cxd4 4. Nxd4 Nf6 5. Nc3 d6 6. Bc4 e6 7. Bb3 a6 8. 0-0 Be7 9. Be3 0-0 10. f4 Nxd4 11. Bxd4 b5 12. Qe2 Bb7 13. a3 Qc7 14. Rad1 Rfd8 15. Kh1 d5 16. exd5 Nxd5 17. f5 Nf4 18. Qg4 Rxd4 19. Rxf4 Rxf4 0-1

[Event "Motor City op"]
[Site "Warren"]
[Date "2002.12.01"]
[Round "6"]
[White "Vandivier, Don"]
[Black "Haidukewych, Dan"]
[Result "1-0"]
[WhiteElo "1945"]
[BlackElo "1663"]
[PlyCount "29"]
[EventDate "2002.11.29"]
[EventType "swiss"]
[EventRounds "7"]
[EventCountry "USA"]
[SourceTitle "EXT 2009"]
[Source "ChessBase"]
[SourceDate "2008.11.26"]
[SourceVersion "1"]
[SourceVersionDate "2008.11.26"]
[SourceQuality "1"]

1. e4 c5 2. Nf3 Nc6 3. d4 cxd4 4. Nxd4 d6 5. Nc3 Nf6 6. Bc4 g6 7. Nxc6 bxc6 8. e5 Ng8 9. exd6 e5 10. Qf3 Nf6 11. Bg5 Bg7 12. Ne4 Qa5+ 13. c3 Nd5 14. d7+ Kf8 15. d8Q+ 1-0

[Event "Motor City op"]
[Site "Warren"]
[Date "2002.11.30"]
[Round "3"]
[White "Zaremba, Anatoli"]
[Black "Vandivier, Don"]
[Result "0-1"]
[WhiteElo "1137"]
[BlackElo "1945"]
[PlyCount "62"]
[EventDate "2002.11.29"]
[EventType "swiss"]
[EventRounds "7"]
[EventCountry "USA"]
[SourceTitle "EXT 2009"]
[Source "ChessBase"]
[SourceDate "2008.11.26"]
[SourceVersion "1"]
[SourceVersionDate "2008.11.26"]
[SourceQuality "1"]

1. d4 Nf6 2. c4 e6 3. Nc3 d5 4. Nf3 Be7 5. e3 0-0 6. Bd3 dxc4 7. Bxc4 a6 8. a4 c5 9. 0-0 cxd4 10. Qxd4 Qc7 11. Qf4 e5 12. Qxe5 Qxc4 13. Qxe7 Nc6 14. Qc7 Ra7 15. Qb6 Nd7 16. Qc7 b5 17. Qd6 b4 18. Nd5 a5 19. Ne7+ Nxe7 20. Qxe7 Ba6 21. Rd1 Rc7 22. h3 Nf6 23. Qd6 Rd7 24. Qxd7 Nxd7 25. Rxd7 Qf1+ 26. Kh2 Qxf2 27. Bd2 h5 28. Rc1 h4 29. Rd6 Bc8 30. Rd5 Bxh3 31. Kxh3 Qg3# 0-1

[Event "Motor City op"]
[Site "Warren"]
[Date "2002.11.29"]
[Round "2"]
[White "Vandivier, Don"]
[Black "Comstock, Ron"]
[Result "0-1"]
[WhiteElo "1945"]
[BlackElo "1824"]
[PlyCount "20"]
[EventDate "2002.11.29"]
[EventType "swiss"]
[EventRounds "7"]
[EventCountry "USA"]
[SourceTitle "EXT 2009"]
[Source "ChessBase"]
[SourceDate "2008.11.26"]
[SourceVersion "1"]
[SourceVersionDate "2008.11.26"]
[SourceQuality "1"]

1. e4 e6 2. d4 d5 3. Nc3 dxe4 4. Nxe4 Nd7 5. Nf3 Ngf6 6. Nc3 c5 7. Bf4 Be7 8. dxc5 Bxc5 9. Nb5 Nd5 10. c4 Nxf4 0-1

[Event "Kalamazoo op"]
[Site "Kalamazoo"]
[Date "2002.10.19"]
[Round "2.2"]
[White "Aldrich, Justin M"]
[Black "Vandivier, Don"]
[Result "1/2-1/2"]
[WhiteElo "1631"]
[BlackElo "1945"]
[PlyCount "117"]
[EventDate "2002.10.19"]
[EventType "swiss"]
[EventRounds "5"]
[EventCountry "USA"]
[SourceTitle "EXT 2007"]
[Source "ChessBase"]
[SourceDate "2006.11.23"]
[SourceVersion "1"]
[SourceVersionDate "2006.11.23"]
[SourceQuality "1"]

1. e4 c5 2. Nf3 e6 3. c3 Nf6 4. d3 Nc6 5. Nbd2 Qc7 6. Be2 d5 7. exd5 exd5 8. 0-0 Bd6 9. Nb3 0-0 10. Bg5 Ng4 11. h3 Nge5 12. d4 Nxf3+ 13. Bxf3 c4 14. Nd2 Be6 15. Re1 h6 16. Be3 Qd7 17. Nf1 f5 18. Qe2 Rae8 19. Bh5 Bf7 20. Bxf7+ Qxf7 21. Qf3 Re4 22. Bd2 Qe6 23. Ng3 Bxg3 24. Qxg3 f4 25. Qf3 g5 26. Qg4 Qxg4 27. hxg4 Rfe8 28. Kf1 Kf7 29. f3 Rxe1+ 30. Rxe1 Rxe1+ 31. Kxe1 Nb8 32. Kf2 Nd7 33. b3 b5 34. g3 fxg3+ 35. Kxg3 cxb3 36. axb3 a5 37. c4 dxc4 38. bxc4 bxc4 39. Bxa5 Ke6 40. f4 gxf4+ 41. Kxf4 Kd5 42. Bc3 Nf6 43. Kf5 Ne4 44. Bb2 Nf2 45. g5 hxg5 46. Kxg5 Nd1 47. Ba1 Ne3 48. Kf4 Nc2 49. Bc3 Nxd4 50. Ke3 Nc6 51. Kd2 Kc5 52. Ba1 Kb4 53. Kc2 Na7 54. Bc3+ Kc5 55. Bd2 Nb5 56. Be1 Kd4 57. Bf2+ Ke4 58. Be1 Ke3 59. Bb4 1/2-1/2

[Event "Lansing op"]
[Site "Lansing"]
[Date "2002.09.01"]
[Round "5"]
[White "Vandivier, Don"]
[Black "Hankinson, Chris"]
[Result "1/2-1/2"]
[WhiteElo "1963"]
[BlackElo "2115"]
[PlyCount "117"]
[EventDate "2002.08.30"]
[EventType "swiss"]
[EventRounds "7"]
[EventCountry "USA"]
[SourceTitle "EXT 2007"]
[Source "ChessBase"]
[SourceDate "2006.11.23"]
[SourceVersion "1"]
[SourceVersionDate "2006.11.23"]
[SourceQuality "1"]

1. e4 g6 2. d4 c6 3. Nc3 d5 4. e5 h5 5. h3 Nh6 6. Nf3 b6 7. Bd3 e6 8. Bg5 Be7 9. Bxh6 Rxh6 10. Qd2 Rh8 11. 0-0-0 a5 12. g4 Ba6 13. Kb1 Bxd3 14. Qxd3 Na6 15. Nh2 Qd7 16. f4 c5 17. dxc5 bxc5 18. Qb5 Qxb5 19. Nxb5 Rb8 20. a4 c4 21. b3 cxb3 22. cxb3 Nc5 23. Kb2 hxg4 24. hxg4 Rh3 25. Kc2 Kd7 26. Nd4 Nxb3 27. Nhf3 Nxd4+ 28. Nxd4 Rc8+ 29. Kd2 Rxh1 30. Rxh1 Rc4 31. Kd3 Rxa4 32. Rh7 Ra3+ 33. Kc2 Ra4 34. Kd3 Ke8 35. f5 gxf5 36. gxf5 exf5 37. Nxf5 Re4 38. Rh8+ Kd7 39. Ra8 Bb4 40. Ra7+ Kc6 41. Rxf7 Rxe5 42. Nd4+ Kd6 43. Nb5+ Ke6 44. Rc7 Rh5 45. Nd4+ Ke5 46. Nf3+ Kd6 47. Rc8 Rh3 48. Ke2 Rh7 49. Kd3 Rc7 50. Rd8+ Rd7 51. Rc8 Bc5 52. Nd4 Bb4 53. Rc6+ Ke7 54. Rb6 Kd8 55. Ne6+ Kc8 56. Kd4 Be1 57. Rb2 Bb4 58. Rc2+ Kb8 59. Nf4 1/2-1/2

[Event "Flint op 07"]
[Site "Flint"]
[Date "2002.07.27"]
[Round "2"]
[White "Choate, Eric"]
[Black "Vandivier, Don"]
[Result "0-1"]
[WhiteElo "1502"]
[BlackElo "1917"]
[PlyCount "80"]
[EventDate "2002.07.27"]
[EventType "swiss"]
[EventRounds "5"]
[EventCountry "USA"]
[SourceTitle "EXT 2009"]
[Source "ChessBase"]
[SourceDate "2008.11.26"]
[SourceVersion "1"]
[SourceVersionDate "2008.11.26"]
[SourceQuality "1"]

1. e4 c5 2. Nf3 d6 3. d3 g6 4. Be2 Bg7 5. c3 Nf6 6. 0-0 0-0 7. Nbd2 Nc6 8. h3 Bd7 9. Nh2 b5 10. Ng4 b4 11. Nb3 bxc3 12. Nh6+ Kh8 13. bxc3 a5 14. a4 Rb8 15. Bd2 Be6 16. Rb1 Qb6 17. c4 Rb7 18. Na1 Nb4 19. Nc2 Nd7 20. Bg4 Bxg4 21. Nxg4 Qc6 22. Nxb4 cxb4 23. Bh6 Nc5 24. Bxg7+ Kxg7 25. Ra1 h5 26. Ne3 b3 27. Ra3 Rfb8 28. Qd2 e6 29. Rb1 Rb4 30. Nd1 Rxa4 31. Rxa4 Qxa4 32. Qc3+ e5 33. Ra1 Qb4 34. Qxb4 Rxb4 35. Nb2 a4 36. Kf1 Rb6 37. Ke2 Ra6 38. Kd2 a3 39. Nd1 b2 40. Nxb2 Nb3+ 0-1

[Event "Flint op 07"]
[Site "Flint"]
[Date "2002.07.27"]
[Round "3"]
[White "Everett, Morgan"]
[Black "Vandivier, Don"]
[Result "0-1"]
[WhiteElo "2077"]
[BlackElo "1917"]
[PlyCount "79"]
[EventDate "2002.07.27"]
[EventType "swiss"]
[EventRounds "5"]
[EventCountry "USA"]
[SourceTitle "EXT 2009"]
[Source "ChessBase"]
[SourceDate "2008.11.26"]
[SourceVersion "1"]
[SourceVersionDate "2008.11.26"]
[SourceQuality "1"]

1. d4 Nf6 2. c4 e5 3. dxe5 Ng4 4. Bf4 Nc6 5. Nf3 Bb4+ 6. Nc3 Bxc3+ 7. bxc3 Qe7 8. e3 Ngxe5 9. Nxe5 Nxe5 10. Qd4 d6 11. c5 f6 12. cxd6 Qxd6 13. Bb5+ Ke7 14. Rd1 g5 15. Bg3 h5 16. 0-0 h4 17. Bxe5 Qxe5 18. Qb4+ c5 19. Qa3 h3 20. Rfe1 hxg2 21. f4 Qc7 22. Qa4 Bg4 23. Qe4+ Kf7 24. Rd2 a6 25. Bc4+ Kg7 26. Qxg2 Rh4 27. fxg5 fxg5 28. Be6 Rah8 29. Rd7+ Qxd7 30. Bxd7 Bxd7 31. Qxg5+ Kf7 32. Rf1+ Ke8 33. Rf4 Rxf4 34. Qxf4 Rg8+ 35. Kf2 Rf8 36. Kg3 Rxf4 37. Kxf4 b5 38. Ke5 b4 39. cxb4 cxb4 40. Kd5 0-1

[Event "Romulus op"]
[Site "Romulus"]
[Date "2002.06.23"]
[Round "4"]
[White "Imai, Toshio"]
[Black "Vandivier, Don"]
[Result "0-1"]
[WhiteElo "1410"]
[BlackElo "1917"]
[PlyCount "58"]
[EventDate "2002.06.21"]
[EventType "swiss"]
[EventRounds "5"]
[EventCountry "USA"]
[SourceTitle "EXT 2008"]
[Source "ChessBase"]
[SourceDate "2007.11.25"]
[SourceVersion "1"]
[SourceVersionDate "2007.11.25"]
[SourceQuality "1"]

1. e4 c5 2. d4 cxd4 3. c3 dxc3 4. Nxc3 Nc6 5. Nf3 e6 6. Bc4 Qc7 7. Qe2 a6 8. 0-0 Nf6 9. e5 Ng4 10. Bf4 d6 11. exd6 Bxd6 12. Bxd6 Qxd6 13. Rfd1 Qc5 14. Ne4 Qh5 15. Nd6+ Ke7 16. h3 Nge5 17. Nxe5 Qxe5 18. Qxe5 Nxe5 19. Bb3 Rd8 20. Nxc8+ Raxc8 21. Rxd8 Rxd8 22. Re1 Nd3 23. Re2 Nc1 24. Re3 Rd2 25. Kf1 Rxb2 26. Rc3 Nxb3 27. axb3 Kd6 28. Rd3+ Ke7 29. Rc3 b5 0-1

[Event "Michigan Senior"]
[Site "Warren"]
[Date "2002.06.08"]
[Round "2"]
[White "Santiago, Reynaldo"]
[Black "Vandivier, Don"]
[Result "0-1"]
[WhiteElo "2000"]
[BlackElo "1917"]
[PlyCount "132"]
[EventDate "2002.06.08"]
[EventType "swiss"]
[EventRounds "4"]
[EventCountry "USA"]
[SourceTitle "EXT 2009"]
[Source "ChessBase"]
[SourceDate "2008.11.26"]
[SourceVersion "1"]
[SourceVersionDate "2008.11.26"]
[SourceQuality "1"]

1. e4 c5 2. Nf3 d6 3. d4 cxd4 4. Nxd4 Nf6 5. Nc3 g6 6. Be3 Bg7 7. f3 0-0 8. Qd2 Nc6 9. h4 Nxd4 10. Bxd4 Be6 11. 0-0-0 Qa5 12. Kb1 Rfc8 13. a3 h5 14. Bxf6 Bxf6 15. Nd5 Qxd2 16. Nxf6+ exf6 17. Rxd2 Rc6 18. Bb5 Rb6 19. Be2 Kf8 20. g4 hxg4 21. fxg4 Ke7 22. h5 Rh8 23. Bf3 Rh6 24. Rd4 Rb5 25. Rb4 Bd7 26. Kc1 Rxb4 27. axb4 Bc6 28. c4 a6 29. Kd2 gxh5 30. Ke3 h4 31. Kf4 Rh8 32. Rh2 Ke6 33. Be2 b6 34. b3 Rh7 35. Bd3 Rh8 36. Bf1 Bb7 37. Bh3 Ke7 38. Rd2 Rg8 39. c5 bxc5 40. bxc5 dxc5 41. Rc2 Rc8 42. g5 fxg5+ 43. Kxg5 Rg8+ 44. Kxh4 Kd6 45. Bf5 Re8 46. Rc4 Ke5 47. Kg4 Kd6 48. Kf4 a5 49. Ra4 Ra8 50. e5+ Kc7 51. Bd3 Kb6 52. Be4 Bxe4 53. Kxe4 Rd8 54. Kf5 Rd4 55. Ra1 Kb5 56. Rf1 Kb4 57. Rf3 a4 58. bxa4 Kxa4 59. Kf6 Rd7 60. Kg7 Re7 61. Rxf7 Rxe5 62. Kf6 Re3 63. Rb7 c4 64. Kf5 c3 65. Kf4 Re1 66. Kf3 c2 0-1

[Event "Detroit op"]
[Site "Detroit"]
[Date "2002.05.25"]
[Round "3"]
[White "Vandivier, Don"]
[Black "Mahabir, Jagdesh"]
[Result "1/2-1/2"]
[WhiteElo "1600"]
[BlackElo "1924"]
[PlyCount "77"]
[EventDate "2002.05.25"]
[EventType "swiss"]
[EventRounds "5"]
[EventCountry "USA"]
[SourceTitle "EXT 2007"]
[Source "ChessBase"]
[SourceDate "2006.11.23"]
[SourceVersion "1"]
[SourceVersionDate "2006.11.23"]
[SourceQuality "1"]

1. d4 Nf6 2. c3 e5 3. dxe5 Ng4 4. Nf3 Nc6 5. Bf4 Qe7 6. Qd5 f6 7. exf6 Nxf6 8. Qd3 d6 9. Nbd2 g6 10. Bg5 Bf5 11. Bxf6 Qxf6 12. e4 Bd7 13. Qe3 0-0-0 14. Bb5 Kb8 15. Qg5 Bg7 16. 0-0-0 a6 17. Bxc6 Bxc6 18. Rhe1 Qf8 19. Kb1 Re8 20. Qg3 Ba4 21. Nb3 Qf7 22. Nfd2 Rhf8 23. f3 Bh6 24. Kc2 Bf4 25. Qf2 c5 26. Kb1 c4 27. Nd4 Bxd1 28. Rxd1 Bxd2 29. Qxd2 Qf4 30. Qf2 Rxe4 31. Nc6+ Kc7 32. Nb4 Qf5 33. Nd5+ Kb8 34. Ka1 Rfe8 35. Qb6 Re1 36. Qxd6+ Ka7 37. Qb6+ Kb8 38. Qd6+ Ka7 39. Qb6+ 1/2-1/2

[Event "Genesee County CC-ch"]
[Site "Flint"]
[Date "2001.11.07"]
[Round "4"]
[White "Vandivier, Don"]
[Black "Aldrich, Jeff"]
[Result "0-1"]
[WhiteElo "1929"]
[BlackElo "1900"]
[PlyCount "50"]
[EventDate "2001.10.10"]
[EventType "swiss"]
[EventRounds "5"]
[EventCountry "USA"]
[SourceTitle "EXT 2009"]
[Source "ChessBase"]
[SourceDate "2008.11.26"]
[SourceVersion "1"]
[SourceVersionDate "2008.11.26"]
[SourceQuality "1"]

1. e4 c6 2. d4 d5 3. exd5 cxd5 4. c4 Nf6 5. Nc3 e6 6. Nf3 Nc6 7. Bd3 Bb4 8. 0-0 a6 9. cxd5 Nxd5 10. Qc2 h6 11. a3 Be7 12. Re1 0-0 13. Qe2 Nf6 14. Ne4 Nd5 15. h3 b5 16. Bd2 Bb7 17. Rac1 Rc8 18. Nc5 Nxd4 19. Qe4 Nxf3+ 20. gxf3 Nf6 21. Nxb7 Nxe4 22. Nxd8 Nxd2 23. Rxc8 Nxf3+ 24. Kf1 Nxe1 25. Kxe1 Rxd8 0-1

[Event "Lansing op"]
[Site "Lansing"]
[Date "2001.09.03"]
[Round "6"]
[White "Vandivier, Don"]
[Black "Czuhai, Kevin"]
[Result "0-1"]
[WhiteElo "1960"]
[BlackElo "2203"]
[PlyCount "48"]
[EventDate "2001.08.31"]
[EventType "swiss"]
[EventRounds "7"]
[EventCountry "USA"]
[SourceTitle "EXT 2007"]
[Source "ChessBase"]
[SourceDate "2006.11.23"]
[SourceVersion "1"]
[SourceVersionDate "2006.11.23"]
[SourceQuality "1"]

1. e4 c5 2. Nf3 d6 3. d4 cxd4 4. Nxd4 Nf6 5. Nc3 g6 6. f3 Bg7 7. Be3 Nc6 8. Qd2 0-0 9. g4 Be6 10. Nxe6 fxe6 11. Bc4 Qc8 12. 0-0-0 Ne5 13. Be2 Nc4 14. Bxc4 Qxc4 15. Bh6 Rac8 16. h4 Rc5 17. h5 Bxh6 18. Qxh6 g5 19. e5 Rxe5 20. Rhe1 Qf4+ 21. Kb1 Nxg4 22. Qxf8+ Kxf8 23. fxg4 Rxe1 24. Rxe1 Qxg4 0-1

[Event "Motor City op"]
[Site "Warren"]
[Date "2000.11.25"]
[Round "3"]
[White "Finegold, Benjamin"]
[Black "Vandivier, Don"]
[Result "1-0"]
[WhiteElo "2507"]
[BlackElo "1851"]
[PlyCount "55"]
[EventDate "2000.11.24"]
[EventType "swiss"]
[EventRounds "7"]
[EventCountry "USA"]
[SourceTitle "EXT 2009"]
[Source "ChessBase"]
[SourceDate "2008.11.26"]
[SourceVersion "1"]
[SourceVersionDate "2008.11.26"]
[SourceQuality "1"]

1. Nf3 c5 2. b3 d5 3. Bb2 Nc6 4. e3 Bg4 5. Bb5 a6 6. Bxc6+ bxc6 7. h3 Bxf3 8. Qxf3 e6 9. d3 Nf6 10. Nd2 Be7 11. g4 h6 12. 0-0-0 Qd7 13. h4 0-0-0 14. g5 hxg5 15. hxg5 Rxh1 16. Rxh1 Ne8 17. Qxf7 Bxg5 18. Qxd7+ Rxd7 19. Rh8 Rd8 20. Nf3 Bf6 21. Ba3 Be7 22. Rg8 Kc7 23. d4 Kb6 24. dxc5+ Kc7 25. Bb4 Kb7 26. Nd4 e5 27. Nf5 Bf6 28. Rxe8 1-0

[Event "Romulus op"]
[Site "Romulus"]
[Date "2000.09.01"]
[Round "1"]
[White "Vandivier, Don"]
[Black "Turner, George H"]
[Result "1/2-1/2"]
[WhiteElo "1850"]
[BlackElo "2150"]
[PlyCount "81"]
[EventDate "2000.09.01"]
[EventType "swiss"]
[EventRounds "7"]
[EventCountry "USA"]
[SourceTitle "EXT 2007"]
[Source "ChessBase"]
[SourceDate "2006.11.23"]
[SourceVersion "1"]
[SourceVersionDate "2006.11.23"]
[SourceQuality "1"]

1. e4 d6 2. d4 Nf6 3. Nc3 g6 4. f3 Bg7 5. Be3 a6 6. Qd2 b5 7. a3 Nbd7 8. Bh6 Bxh6 9. Qxh6 c5 10. Nge2 Qa5 11. dxc5 b4 12. Na2 b3+ 13. Nac3 Nxc5 14. Nc1 Rb8 15. cxb3 Nxb3 16. Nxb3 Rxb3 17. Qd2 Be6 18. Nd1 Qb6 19. Qe2 a5 20. Qa6 0-0 21. Qxb6 Rxb6 22. Rc1 Rfb8 23. Bd3 Nd7 24. Rc7 Kf8 25. a4 Nc5 26. Bb5 R8b7 27. Rxb7 Rxb7 28. Nc3 Bd7 29. Ke2 Bxb5+ 30. axb5 e6 31. Ke3 e5 32. Ra1 a4 33. Ra3 f5 34. Kd2 fxe4 35. fxe4 Kf7 36. Ke3 Ke6 37. Ra1 h6 38. Rf1 g5 39. g3 Ra7 40. Nd5 Nd7 41. Ra1 1/2-1/2